Risk-return parity and pricing of securities in Indian capital market: an empirical investigation for the period 1996-2008 (Record no. 19339)
[ view plain ]
| 000 -LEADER | |
|---|---|
| fixed length control field | 00609nam a2200169Ia 4500 |
| 082 ## - DEWEY DECIMAL CLASSIFICATION NUMBER | |
| Classification number | RP 0273 |
| 100 ## - MAIN ENTRY--AUTHOR NAME | |
| Personal name | Patrick, Martin |
| 245 #0 - TITLE STATEMENT | |
| Title | Risk-return parity and pricing of securities in Indian capital market: an empirical investigation for the period 1996-2008 |
| Sub Title | : |
| 260 ## - PUBLICATION, DISTRIBUTION, ETC. (IMPRINT) | |
| Year of publication | 2011 |
| Name of publisher | Indian Council of Social Science, New Delhi |
| 300 ## - PHYSICAL DESCRIPTION | |
| Number of Pages | xix, 174 |
| 650 ## - SUBJECT ADDED ENTRY--TOPICAL TERM | |
| Topical Term | Capital market |
| Geographic subdivision | India |
| -- | 1996-2008 |
| 650 ## - SUBJECT ADDED ENTRY--TOPICAL TERM | |
| Topical Term | Stock exchanges |
| Geographic subdivision | India |
| -- | 1996-2008 |
| 650 ## - SUBJECT ADDED ENTRY--TOPICAL TERM | |
| Topical Term | Securities |
| Geographic subdivision | India |
| -- | 1996-2008 |
| 650 ## - SUBJECT ADDED ENTRY--TOPICAL TERM | |
| Topical Term | Securities |
| Form subdivision | Prices |
| Geographic subdivision | India |
| -- | 1996-2008 |
| 710 ## - ADDED ENTRY--CORPORATE NAME | |
| Corporate name or jurisdiction name as entry element | Maharaja College, Ernakulam |
| 942 ## - ADDED ENTRY ELEMENTS (KOHA) | |
| Koha item type | Research Reports |
| Source of classification or shelving scheme | Dewey Decimal Classification |
| Withdrawn status | Lost status | Damaged status | Not for loan | Collection code | Home library | Current library | Date acquired | Source of acquisition | Bill Date | Full call number | Accession Number | Price effective from | Koha item type |
|---|---|---|---|---|---|---|---|---|---|---|---|---|---|
| Not For Loan | Minor Research project Reports | NASSDOC Library | NASSDOC Library | 10/07/2012 | Gifted by : RP Devision, ICSSR | 2012-06-28 | RP 0273 | 47772 | 18/04/2019 | Research Reports |
